Elaboración de compostaje de los desechos orgánicos del comedor y cafetines del recinto universitario Pedro Arauz Palacios.

Presenta documento con la elaboración de compostaje de los desechos orgánicos del comedor y cafetines del recinto universitario Pedro Arauz Palacios en el cual la cuantificación y caracterización de los desechos orgánicos y la caracterización del compostaje según los desechos.

Bibliographic Details
Main Author: Madrigal Martínez, Alba Rosa
Other Authors: Tutor: Chamorro Blandón, Francisco Efraín
Format: Tesis Section = Libro
Language:Undetermined
Spanish
Published: Managua UNI 2011
Subjects:
LEADER 01113nam a2200253Ia 4500
008 240830s9999 xx 000 0 und d
040 |a BIBLIOTECA-RUPAP Mon 628.44 M183 
041 |a spa 
082 |a Mon 628.44 M183 
100 1 |a Madrigal Martínez, Alba Rosa 
245 1 0 |a Elaboración de compostaje de los desechos orgánicos del comedor y cafetines del recinto universitario Pedro Arauz Palacios. 
260 |a Managua  |b UNI  |c 2011 
300 |a 44 p. :il. 
500 |a Contiene: anexos. 
502 |a Tesis (Ingeniero Civil)- UNI, 2011. 
520 3 |a Presenta documento con la elaboración de compostaje de los desechos orgánicos del comedor y cafetines del recinto universitario Pedro Arauz Palacios en el cual la cuantificación y caracterización de los desechos orgánicos y la caracterización del compostaje según los desechos. 
650 7 |a RESIDUOS ORGANICOS 
650 7 |b DESECHOS ORGANICOS 
650 7 |c MANEJO DE LA BASURA 
650 7 |d CONTAMINACION DEL MEDIO AMBIENTE 
700 1 |a Tutor:  |b Chamorro Blandón, Francisco Efraín 
942 |c BK  |2 ddc 
991 |a TESIS 
999 |c 16415